000 00570cam a2200193 4500500
005 20260405003623.0
041 _afre
042 _adc
100 1 0 _aPernes, Caroline
_eauthor
245 0 0 _aUne histoire des lointains
260 _c2022.
500 _a34
690 _aEsthétique
690 _aGeorges Vigarello
690 _aHistoire
690 _aLointain
786 0 _nPhilosophie magazine | 165 | 12 | 2022-12-01 | p. 54-54 | 1951-1787
856 4 1 _uhttps://shs.cairn.info/magazine-philosophie-magazine-2022-12-page-54?lang=fr&redirect-ssocas=7080
999 _c2069342
_d2069342